000 00484nam a22001817a 4500
003 MPLRDC
005 20220104124555.0
008 210129b ||||| |||| 00| 0 eng d
020 _a7-5402-1586-0
082 _a784.28 CUR
100 _aEVE CURIE
245 _a居里夫人传
_c贾文浩 等译
250 _a一版一刷
260 _a中国
_b北京燕山出版社
_c2005
300 _b374
650 _a法国人物传记--居里夫人 MARIE CURIE
942 _cBK
_o784.28 CUR
999 _c20430
_d20420